| 000 | 00385nam a2200157Ia 4500 | ||
|---|---|---|---|
| 008 | 210716s2009 xx 000 0 und d | ||
| 020 | _a9788174467386 | ||
| 041 | _aeng | ||
| 082 | _a174.4 HUNS | ||
| 100 | _aHundekar, S G. | ||
| 245 | _aBusiness ethics and human values. | ||
| 250 | _a1 | ||
| 260 |
_aNew Delhi _bExcel Books _c2009 |
||
| 300 | _ax,242 | ||
| 650 | _aBusiness Ethics | ||
| 999 |
_c204800 _d204800 |
||